00720nam a22002417a 45000010005000000030006000050050017000110080041000280200018000690400029000870500016001160820012001321000028001442450053001722600041002253000042002665050007003085200047003155210027003625210018003896500026004076500045004339341FISKH20251211114852.0251211b cb ||||| |||| 00| 0 eng d a9780516250663 aFISKHbengcFISKHdFISKH aLC2669 .A53 a371.829 aAncona, George eAuthor aMi Escuela/my school /cWritten by George Ancona aNew York :bChildren's Press ,c2004 a32 pages :bphotographs ;c21 x 26 cm aL  aChristopher tells us about his school day.8 a550 bLexile estimate 8 aL bRaz-Plus  aSpanishvPicture book aChildren's literaturevElementary school